000 00732pam a2200241 a 4500
001 2455183
005 20171214074253.0
008 891205s1990 nyu b 000 0 eng
010 _a 89049581
020 _a0312045344
040 _aDLC
_cDLC
_dDLC
041 _aeng
043 _an-us---
080 _a306.8743 APT
082 0 0 _a306.8743 APT
_220
100 1 _a50
101 _aSOC
245 1 0 _aAltered loves :
_cTerri Apter.
504 _aIncludes bibliographical references (p. [223]-231).
906 _a7
_bcbc
_corignew
_d1
_eocip
_f19
_gy-gencatlg
942 _2ddc
_cBK
999 _c38941
_d38941